书目信息 |
| 题名: |
大对策
|
|
| 作者: | 张杰 主编 | |
| 分册: | ||
| 出版信息: | 北京 经济日报出版社 2000.01 |
|
| 页数: | 399页 | |
| 开本: | 20cm | |
| 丛书名: | 全球经济大盘点丛书 | |
| 单 册: | ||
| 中图分类: | F110 , F110-53 | |
| 科图分类: | ||
| 主题词: | 经济发展战略--研究--世界 | |
| 电子资源: | ||
| ISBN: | 7-80127-668-X | |
| 000 | 00688nam2 2200241 45 | |
| 001 | RT00070231 | |
| 005 | 20041110162822.20 | |
| 010 | @a7-80127-668-X@dCNY 25.00 | |
| 100 | @a20000710d2000 em y0chiy0120 ea | |
| 101 | 0 | @achi |
| 102 | @aCN@b110000 | |
| 105 | @ay z 000yy | |
| 200 | 1 | @a大对策@Ada dui ce@e环球经济发展方略@f张杰主编 |
| 210 | @a北京@c经济日报出版社@d2000.01 | |
| 215 | @a399页@d20cm | |
| 225 | 2 | @a全球经济大盘点丛书@f潘凯雄,钱凤元总编 |
| 410 | 0 | @12001 @a全球经济大盘点丛书 |
| 606 | @a经济发展战略@x研究@y世界 | |
| 690 | @aF110@v4 | |
| 690 | @aF110-53@v3 | |
| 701 | 0 | @a张杰@Azhang jie@4主编 |
| 801 | @aCN@bRENTIAN@c20041110 | |
| 905 | @a10447@dF110-53@eZ121 | |
| 大对策:环球经济发展方略/张杰主编.-北京:经济日报出版社,2000.01 |
| 399页;20cm.-(全球经济大盘点丛书/潘凯雄,钱凤元总编) |
| ISBN 7-80127-668-X:CNY 25.00 |
| ● |
| 相关链接 |
|
|
|
正题名:大对策
索取号:F110-53/Z121
 
预约/预借
| 序号 | 登录号 | 条形码 | 馆藏地/架位号 | 状态 | 备注 |
| 1 | 426753 | 204267532 | 社科库409/409社科库 66排3列5层/ [索取号:F110-53/Z121] | 在馆 | |
| 2 | 426754 | 204267541 | 社科二线422/409社科库 66排3列5层/ [索取号:F110-53/Z121] | 在馆 | |
| 3 | 426755 | 204267550 | 社科二线422/409社科库 66排3列5层/ [索取号:F110-53/Z121] | 在馆 |